Füstbe ment terv

Bibliográfiai részletek
Szerző: Tegyei Dóra
További közreműködők: Czakó Dezső
Dokumentumtípus: Diplomadolgozat
Kulcsszavak:Dohányipar
Nemzeti Dohánybolt
Trafiktörvény
Fogyasztói magatartás
Online Access:http://dolgozattar.uni-bge.hu/3822

MARC

LEADER 00000nta a2200000 i 4500
001 dolg3822
005 20160920144603.0
008 151207suuuu hu om 000 hun d
040 |a BGE Dolgozattár Repozitórium  |b hun 
041 |a hu 
100 1 |a Tegyei Dóra 
245 1 0 |a Füstbe ment terv  |c Tegyei Dóra  |h [elektronikus dokumentum] 
246 1 1 |a Füstbe ment terv 
695 |a Dohányipar 
695 |a Nemzeti Dohánybolt 
695 |a Trafiktörvény 
695 |a Fogyasztói magatartás  
700 1 |a Czakó Dezső  |e ths 
856 4 0 |u http://dolgozattar.uni-bge.hu/3822/1/Tegyei_D%C3%B3ra_E07RKD_szakdolgozat.pdf  |z Dokumentum-elérés